Clasificación por capacidad de uso de las tierras /

保存先:
書誌詳細
第一著者: Klingebiel, A. A.
その他の著者: Montgomery, P. H.
フォーマット: テキスト
出版事項: San José: ITCO. Sección de Publicaciones
タグ: タグ追加
タグなし, このレコードへの初めてのタグを付けませんか!

MARC

LEADER 00000 a a2200000 04500
001 15917
003
040
090 |a 016700  
100 |a Klingebiel, A. A.  
245 |a Clasificación por capacidad de uso de las tierras /  |c A. A. Klingebiel 
260 |a San José:   |b ITCO. Sección de Publicaciones  
300 |a 32 p.  
700 |a Montgomery, P. H.  
999 |c 15450  |d 15450